<?xml version="1.0" encoding="UTF-8"?>
<record
    xmlns:xsi="http://www.w3.org/2001/XMLSchema-instance"
    xsi:schemaLocation="http://www.loc.gov/MARC21/slim http://www.loc.gov/standards/marcxml/schema/MARC21slim.xsd"
    xmlns="http://www.loc.gov/MARC21/slim">

  <leader>00914    a2200217   4500</leader>
  <controlfield tag="003">NALT</controlfield>
  <controlfield tag="005">20231005145119.0</controlfield>
  <controlfield tag="008">231005b        th ||||| |||| 00| 0 tha d</controlfield>
  <datafield tag="020" ind1=" " ind2=" ">
    <subfield code="a">9786165940405</subfield>
  </datafield>
  <datafield tag="040" ind1=" " ind2=" ">
    <subfield code="a">NALT</subfield>
  </datafield>
  <datafield tag="050" ind1=" " ind2=" ">
    <subfield code="a">DS 578.32</subfield>
    <subfield code="b">&#xE2D;624&#xE19; 2565</subfield>
  </datafield>
  <datafield tag="100" ind1="0" ind2=" ">
    <subfield code="a">&#xE27;&#xE34;&#xE17;&#xE22;&#xE32; &#xE40;&#xE27;&#xE0A;&#xE0A;&#xE32;&#xE0A;&#xE35;&#xE27;&#xE30;</subfield>
    <subfield code="9">25183</subfield>
  </datafield>
  <datafield tag="245" ind1="1" ind2="0">
    <subfield code="a">&#x201C;&#xE19;&#xE31;&#xE01;&#xE2A;&#xE39;&#xE49; &#xE2D;&#xE32;&#xE19;&#xE31;&#xE19;&#xE17;&#xE4C;&#x201D; &#xE01;&#xE25;&#xE49;&#xE32;&#xE04;&#xE34;&#xE14; &#xE01;&#xE25;&#xE49;&#xE32;&#xE17;&#xE33; &#xE01;&#xE25;&#xE49;&#xE32;&#xE40;&#xE2A;&#xE35;&#xE48;&#xE22;&#xE07; /</subfield>
    <subfield code="c">&#xE27;&#xE34;&#xE17;&#xE22;&#xE32; &#xE40;&#xE27;&#xE0A;&#xE0A;&#xE32;&#xE0A;&#xE35;&#xE27;&#xE30;.</subfield>
  </datafield>
  <datafield tag="250" ind1=" " ind2=" ">
    <subfield code="a">&#xE1E;&#xE34;&#xE21;&#xE1E;&#xE4C;&#xE04;&#xE23;&#xE31;&#xE49;&#xE07;&#xE17;&#xE35;&#xE48; 1.</subfield>
  </datafield>
  <datafield tag="260" ind1=" " ind2=" ">
    <subfield code="a">&#xE01;&#xE23;&#xE38;&#xE38;&#xE07;&#xE40;&#xE17;&#xE1E;&#xE2F; :</subfield>
    <subfield code="b">&#xE41;&#xE1B;&#xE25;&#xE19; &#xE2A;&#xE32;&#xE23;&#xE32;,</subfield>
    <subfield code="c">2565.</subfield>
  </datafield>
  <datafield tag="300" ind1=" " ind2=" ">
    <subfield code="a">558 &#xE2B;&#xE19;&#xE49;&#xE32; :</subfield>
    <subfield code="b">&#xE20;&#xE32;&#xE1E;&#xE1B;&#xE23;&#xE30;&#xE01;&#xE2D;&#xE1A; ;</subfield>
    <subfield code="c">23 &#xE0B;&#xE21;.</subfield>
  </datafield>
  <datafield tag="600" ind1="0" ind2="4">
    <subfield code="9">53141</subfield>
    <subfield code="a">&#xE2D;&#xE32;&#xE19;&#xE31;&#xE19;&#xE17;&#xE4C; &#xE1B;&#xE31;&#xE19;&#xE22;&#xE32;&#xE23;&#xE0A;&#xE38;&#xE19;</subfield>
    <subfield code="x">&#xE0A;&#xE35;&#xE27;&#xE1B;&#xE23;&#xE30;&#xE27;&#xE31;&#xE15;&#xE34;</subfield>
  </datafield>
  <datafield tag="850" ind1=" " ind2=" ">
    <subfield code="a">NALT</subfield>
  </datafield>
  <datafield tag="942" ind1=" " ind2=" ">
    <subfield code="2">lcc</subfield>
    <subfield code="c">GB</subfield>
  </datafield>
  <datafield tag="996" ind1=" " ind2=" ">
    <subfield code="a">saiphon.d</subfield>
    <subfield code="b">CATSTF	</subfield>
    <subfield code="c">2023-10-05</subfield>
  </datafield>
  <datafield tag="999" ind1=" " ind2=" ">
    <subfield code="c">103303</subfield>
    <subfield code="d">103303</subfield>
  </datafield>
  <datafield tag="998" ind1=" " ind2=" ">
    <subfield code="j">104</subfield>
    <subfield code="k"> &#xE19;&#xE32;&#xE07;&#xE2A;&#xE32;&#xE27;&#xE2A;&#xE32;&#xE22;&#xE1D;&#xE19;  &#xE14;&#xE35;&#xE07;&#xE32;&#xE21;</subfield>
  </datafield>
  <datafield tag="952" ind1=" " ind2=" ">
    <subfield code="0">0</subfield>
    <subfield code="1">0</subfield>
    <subfield code="2">lcc</subfield>
    <subfield code="4">0</subfield>
    <subfield code="7">0</subfield>
    <subfield code="8">CGBL</subfield>
    <subfield code="a">NALT</subfield>
    <subfield code="b">NALT</subfield>
    <subfield code="c">GEN</subfield>
    <subfield code="d">2023-10-03</subfield>
    <subfield code="e">192</subfield>
    <subfield code="o">DS 578.32 &#xE2D;624&#xE19; 2565 &#xE09;.1</subfield>
    <subfield code="p">3961223534</subfield>
    <subfield code="r">2023-10-17 00:00:00</subfield>
    <subfield code="w">2023-10-03</subfield>
    <subfield code="y">GB</subfield>
  </datafield>
  <datafield tag="952" ind1=" " ind2=" ">
    <subfield code="0">0</subfield>
    <subfield code="1">0</subfield>
    <subfield code="2">lcc</subfield>
    <subfield code="4">0</subfield>
    <subfield code="7">0</subfield>
    <subfield code="8">CGBL</subfield>
    <subfield code="a">NALT</subfield>
    <subfield code="b">NALT</subfield>
    <subfield code="c">GEN</subfield>
    <subfield code="d">2023-10-09</subfield>
    <subfield code="l">0</subfield>
    <subfield code="o">DS 578.32 &#xE2D;624&#xE19; 2565 &#xE09;.2</subfield>
    <subfield code="p">3961223760</subfield>
    <subfield code="r">2023-10-17 00:00:00</subfield>
    <subfield code="w">2023-10-09</subfield>
    <subfield code="y">GB</subfield>
  </datafield>
</record>
